| 000 | 00000nam##2200000za#4500 |
| 001 | 9.527344 |
| 003 | CaOODSP |
| 005 | 20200327082946 |
| 007 | ta |
| 008 | 150406|1996||||xxc||||| f|0| 0 eng|d |
| 020 | |a0-662-62438-6 |
| 040 | |aCaOODSP|beng |
| 041 | |aeng |
| 041 | |afre |
| 043 | |an-cn--- |
| 086 | 1 |aC21-24/8-1996 |
| 110 | 1 |aCanada.|bIndustry Canada. |bMicro-Economic Analysis Directorate. |
| 245 | 10|aForeign direct investment and APEC economic integration / |cby Ashfaq Ahmad et al. |
| 260 | |aOttawa - Ontario : |bIndustry Canada. |cFebruary 1996. |
| 300 | |aEnglish text, iii, 112p. : |bgraphs, tables ; |c28 cm. |
| 490 | 1 |aWorking paper|vNo. 8 |
| 500 | |aAPEC = Organization for Asia-Pacific Economic Cooperation. Contents: Introduction.--Diversity and dynamism of APEC member economies.--Internationalization of business and APEC member economies.--APEC economic integration.--Conclusions and policy implications. |
| 504 | |aBibliography. |
| 546 | |aBilingual |
| 563 | |aSoftcover |
| 590 | |a96-17|b1996-04-26 |
| 690 | 07|aForeign investments|2gcpds |
| 720 | 1 |aAhmad, Ashfaq |
| 776 | 0#|tForeign direct investment and APEC economic integration / |w(CaOODSP)9.570569 |
| 776 | 0#|tL'investissement étranger direct et l'intégration économique de la zone APEC / |w(CaOODSP)9.601218 |
| 792 | |tL'investissement étranger direct et l'intégration économique et de la zone APEC / |efre|w(CaOODSP)9.527345 |
| 830 | #0|aWorking paper ;|vNo. 8|w(CaOODSP)9.509052 |